| 000 | 00653nam a2200205Ia 4500 | ||
|---|---|---|---|
| 999 |
_c41209 _d41209 |
||
| 001 | 7861 | ||
| 003 | GE_BSU | ||
| 005 | 20190724143242.0 | ||
| 008 | 181216s2011||||en |||||||||||||| ||eng|| | ||
| 020 | _a9781408237090 | ||
| 080 | _a811.111-8+338.22(075) C-84 | ||
| 100 |
_aCotton,David _93302 |
||
| 245 |
_aUpper Intermediate MARKET LEADER : _bBusiness English Course book / _cDavid Cotton. |
||
| 264 |
_aEngland : _bLongman, _c2011. |
||
| 300 |
_a175 p .: _bIll, _c27 cm. |
||
| 653 | _aBusiness English Course book | ||
| 653 | _aUpper Intermediate MARKET LEADER | ||
| 653 | _aბიზნეს ინგლისური | ||
| 942 |
_cBK _2udc |
||